Normal view MARC view

Entry Personal Name

Number of records used in: 1

001 - CONTROL NUMBER

  • control field: 46731

003 - CONTROL NUMBER IDENTIFIER

  • control field: dpl

005 - DATE AND TIME OF LATEST TRANSACTION

  • control field: 20120509143359.0

008 - FIXED-LENGTH DATA ELEMENTS

  • fixed length control field: 120509|||a|||||| | ||| d

040 ## - CATALOGING SOURCE

  • Original cataloging agency: dpl
  • Transcribing agency: dpl

100 ## - HEADING--PERSONAL NAME

  • Personal name: محمد ابو ذ ر

670 ## - SOURCE DATA FOUND

  • Source citation: Work cat.: (dpl)66361: محمد ابو ذ ر, ا ر د و صحا فت: 1960 تا حا ل , 2011

670 ## - SOURCE DATA FOUND

  • Source citation: Work cat.: (dpl)66361: محمد ابو ذ ر, ا ر د و صحا فت: 1960 تا حا ل , 2011

© Delhi Public Library
Hit Counter
free hit counter